Wspólczesne problemy rachunkowosci i informatyki Informatyka

Salvato in:
Dettagli Bibliografici
Natura: Libro
Lingua:polacco
Pubblicazione: Katowice Akademia Ekon. im. Karola Adamieckiego 1989
Serie:Prace naukowe
Tags: Aggiungi Tag
Nessun Tag, puoi essere il primo ad aggiungerne!!

MARC

LEADER 00000nam a2200000 4500
001 c032023
005 20260326135331.2
041 0 |a pol 
044 |a PL 
245 1 0 |a Wspólczesne problemy rachunkowosci i informatyki  |b Informatyka 
264 1 |a Katowice  |b Akademia Ekon. im. Karola Adamieckiego  |c 1989 
300 |a 255 s. 
490 1 |a Prace naukowe 
830 0 |a Prace naukowe